Navštívili sme Bratislavu

Bibliographic Details
Main Author: Petruľová, Nikola (Author)
Format: Article
Language:Slovak
PhysicalDescription:Fotogr.
Subjects:

MARC

LEADER 00000nab a2200000 a 4500
001 vtls010535784
003 SK-MaSNL
005 20260426062854.0
008 171109 2013 xo m 000 0 slo
038 |a PPPK 
040 |a PPPKCL  |b slo  |c PPPK  |e AACR2 
041 0 |a slo 
044 |a xo  |c SK 
080 |a 373.54  |2 2001 
080 |a 371.233  |2 2001 
100 1 |a Petruľová, Nikola  |4 aut  |9 1283492 
245 1 0 |a Navštívili sme Bratislavu  |c Nikola Petruľová, 3. BG 
300 |b Fotogr. 
610 2 7 |a Cirkevné gymnázium Pavla Ušáka Olivu (Poprad, Slovensko)  |2 pppkcl  |9 1097774 
650 0 7 |a školstvo  |2 snkbucl  |9 19712 
650 0 7 |a gymnáziá  |2 pppkcl  |9 16386 
650 0 7 |a exkurzie  |2 pppkcl  |9 30680 
651 7 |a Poprad (Slovensko)  |2 pppkcl  |9 20155 
651 7 |a Bratislava (Slovensko)  |2 pppkcl  |9 14568 
773 0 |t Brána : katolícky časopis farnosti Poprad  |g č. 2 (2013), s. 11 
852 |a PPPK  |b KIS3GCP 
999 |c 2550331  |d 2552261